| 000 | 01124nam a22003137a 4500 | ||
|---|---|---|---|
| 001 | 7386 | ||
| 003 | FISKH | ||
| 005 | 20250711135313.0 | ||
| 008 | 250711b cb ||||| |||| 00| 0 eng d | ||
| 020 | _a9781471144035 | ||
| 040 |
_aFISKH _beng _cFISKH _dFISKH |
||
| 050 | _aPZ7.R915935 T | ||
| 082 | _a813.6 | ||
| 100 | _aRussell, Rachel Renee | ||
| 245 |
_aDork Diaries pop star : _bTales from a not-so-fabulous life / _cBy Rachel Renee Russell |
||
| 250 | _aThis edition published 2015 | ||
| 260 |
_aLondon : _bSimon and Schuster , _c2011. |
||
| 300 |
_a311 pages : _billustrations ; _c20 cm . |
||
| 490 |
_aDork Diaries _v3 |
||
| 505 | _aR | ||
| 520 | _aWhen scholarship student Nikki Maxwell, whose father is the school exterminator, decides to enter the talent show at her expensive private school, her nemesis MacKenzie threatens to reveal Nikki's status to the rest of the school. | ||
| 521 | 8 |
_a770
_bLexile |
|
| 521 | 8 |
_aR
_bRaz-Plus |
|
| 650 |
_aMiddle school _vFiction |
||
| 650 |
_aDork Diaries _vFiction |
||
| 700 |
_aVega, Lisa _eDesigner |
||
| 942 |
_2ddc _cBK _n0 |
||
| 999 |
_c7386 _d7386 |
||